000 00650cam a22002291 4500
001 he 65000936
003 DLC
005 20260227111432.0
008 840125s1965 is 000 0 heb
010 _ahe 65000936
035 _a(OCoLC)19139288
040 _aDLC
_cMH
_dDLC
042 _apremarc
050 0 0 _aPJ5054.H293
_bN6
100 1 _aḤarifaʼi, Zaharirah.
245 1 0 _aNodede laylah /
_csiprah: Zaharirah Ḥarifaʼi ; katav Shelomoh Sheva...
260 _a[Merḥavyah] :
_b[Sifriyat poʼalim],
_c[1965]
300 _a110 p. :
_bill. ;
_c24 cm.
490 0 _aNeʻurim
700 1 _aSheva, Shelomoh.
752 _aIsrael
_dMerḥavyah
999 _c31209
_d31209